[Event "POL-chT 2nd League"]
[Site "Ustron"]
[Date "2008.09.08"]
[Round "3.95"]
[White "Palacz, Krzysztof"]
[Black "Rupental, Janusz"]
[Result "0-1"]
[WhiteElo "2095"]
[BlackElo "2027"]
[PlyCount "116"]
[EventDate "2008.09.06"]
[EventType "team-swiss"]
[EventRounds "9"]
[EventCountry "POL"]
[SourceTitle "EXT 2015"]
[Source "ChessBase"]
[SourceDate "2014.11.20"]
[SourceVersion "1"]
[SourceVersionDate "2014.11.20"]
[SourceQuality "1"]
[WhiteTeam "Czestochowa UKS Hetman"]
[BlackTeam "Konin Hetman"]
[WhiteTeamCountry "POL"]
[BlackTeamCountry "POL"]

1. e4 e5 2. Nf3 d6 3. d4 exd4 4. Nxd4 g6 5. Bc4 Bg7 6. Nc3 Nf6 7. 0-0 0-0 8. f3 Nc6 9. Be3 a6 10. Nxc6 bxc6 11. Qd2 Re8 12. Rad1 Be6 13. Bb3 Bxb3 14. axb3 d5 15. Bg5 Qe7 16. Rfe1 dxe4 17. Nxe4 Nxe4 18. Rxe4 Qc5+ 19. Be3 Qf5 20. Rxe8+ Rxe8 21. c3 Bf8 22. Bf2 Bd6 23. Re1 Rxe1+ 24. Qxe1 Kf8 25. Be3 Bc5 26. Bxc5+ Qxc5+ 27. Qf2 Qd5 28. Qc2 h5 29. h3 f5 30. b4 c5 31. bxc5 Qxc5+ 32. Kf1 Qd6 33. Ke2 Ke7 34. Ke3 Kf6 35. Qa4 c5 36. Qc4 g5 37. b3 g4 38. hxg4 hxg4 39. Qg8 f4+ 40. Ke4 Qe7+ 41. Kd3 Qe3+ 42. Kc4 gxf3 43. Qh8+ Kg5 44. Qg7+ Kh4 45. gxf3 Qxf3 46. Kxc5 Qe3+ 47. Kd6 f3 48. Qf6+ Kg3 49. Qg6+ Kh2 50. Qh5+ Kg2 51. Qg4+ Kf1 52. c4 f2 53. c5 Ke1 54. c6 Qd3+ 55. Ke7 f1Q 56. c7 Qe3+ 57. Kd8 Qf8+ 58. Kd7 Qee8# 0-1

[Event "POL-chT 62th"]
[Site "Ustron"]
[Date "2006.09.07"]
[Round "6"]
[White "Palacz, Krzysztof"]
[Black "Deszczynski, Adam"]
[Result "1/2-1/2"]
[WhiteElo "2068"]
[BlackElo "2361"]
[PlyCount "87"]
[EventDate "2006.09.02"]
[EventType "team-tourn"]
[EventRounds "9"]
[EventCountry "POL"]
[SourceTitle "EXT 2019"]
[Source "ChessBase"]
[SourceDate "2018.10.10"]
[SourceVersion "1"]
[SourceVersionDate "2018.10.10"]
[SourceQuality "1"]
[WhiteTeam "Czestochowa Hetman"]
[BlackTeam "Grodzisk Polfa Mazowiecki"]
[WhiteTeamCountry "POL"]
[BlackTeamCountry "POL"]

1. e4 d5 2. exd5 Qxd5 3. Nc3 Qd6 4. Bc4 Nf6 5. d3 a6 6. Nge2 b5 7. Bb3 Bb7 8. f3 Qb6 9. Ng3 e6 10. Nce4 Nc6 11. c3 0-0-0 12. Qe2 Nd5 13. Ng5 Rd7 14. Nxf7 Nd4 15. cxd4 Rxf7 16. 0-0 Qxd4+ 17. Kh1 e5 18. Re1 Bd6 19. a4 b4 20. Ne4 Rff8 21. Qc2 Kb8 22. Bd2 Nf4 23. Bxf4 Rxf4 24. Rac1 Ka8 25. Qd2 Bxe4 26. Rxe4 Rxe4 27. fxe4 Rf8 28. Bd5+ Ka7 29. Qc2 c5 30. Qe2 Kb6 31. h3 Ka5 32. b3 Be7 33. Qg4 c4 34. Qd7 Bc5 35. Qc7+ Bb6 36. Qxc4 Qxc4 37. Bxc4 Be3 38. Re1 Bd4 39. Re2 Kb6 40. Kh2 a5 41. Rc2 Bc3 42. g4 Kc5 43. Kg2 Kd4 44. Rf2 1/2-1/2

[Event "POL-chT 2nd League"]
[Site "Wysowa"]
[Date "2003.09.11"]
[Round "8"]
[White "Palacz, Krzysztof"]
[Black "Banasik, Henryk"]
[Result "0-1"]
[WhiteElo "2151"]
[BlackElo "2168"]
[PlyCount "54"]
[EventDate "2003.09.06"]
[EventType "team-swiss"]
[EventRounds "11"]
[EventCountry "POL"]
[SourceTitle "CBM 096 Extra"]
[Source "ChessBase"]
[SourceDate "2003.10.22"]
[SourceVersion "2"]
[SourceVersionDate "2003.10.20"]
[SourceQuality "1"]
[WhiteTeam "Czestochowa Hetman"]
[BlackTeam "Bytom Szombierki"]
[WhiteTeamCountry "POL"]
[BlackTeamCountry "POL"]

1. e4 c5 2. Nc3 Nc6 3. g3 g6 4. Bg2 Bg7 5. d3 d6 6. Be3 Rb8 7. Qd2 b5 8. f4 b4 9. Nd1 e5 10. Ne2 h5 11. h3 Nge7 12. 0-0 exf4 13. Bxf4 Nd4 14. Rb1 Nec6 15. c3 Nxe2+ 16. Qxe2 Be6 17. c4 g5 18. Be3 Be5 19. Bf2 Qd7 20. Qd2 f6 21. h4 gxh4 22. gxh4 Bh3 23. Be3 Rg8 24. Rf2 Qg4 25. Rc1 Ke7 26. Rc2 Qxh4 27. Bf4 Bxg2 0-1

[Event "POL-chT 2nd League"]
[Site "Wysowa"]
[Date "2003.09.10"]
[Round "6"]
[White "Palacz, Krzysztof"]
[Black "Kiersz, Ludwik"]
[Result "1-0"]
[WhiteElo "2151"]
[BlackElo "2149"]
[PlyCount "71"]
[EventDate "2003.09.06"]
[EventType "team-swiss"]
[EventRounds "11"]
[EventCountry "POL"]
[SourceTitle "CBM 096 Extra"]
[Source "ChessBase"]
[SourceDate "2003.10.22"]
[SourceVersion "2"]
[SourceVersionDate "2003.10.20"]
[SourceQuality "1"]
[WhiteTeam "Czestochowa Hetman"]
[BlackTeam "Pultusk Nadnarwianka"]
[WhiteTeamCountry "POL"]
[BlackTeamCountry "POL"]

1. e4 g6 2. d4 Bg7 3. Nc3 c5 4. d5 d6 5. Nf3 Nf6 6. Bd3 0-0 7. 0-0 a6 8. a4 Qc7 9. Nd2 e6 10. Nc4 b6 11. Bf4 Rd8 12. Be2 e5 13. Bd2 Ra7 14. f4 Nfd7 15. f5 f6 16. fxg6 hxg6 17. Qe1 Rb7 18. g4 b5 19. axb5 axb5 20. Na5 Rb6 21. Nxb5 Rxb5 22. Bxb5 Nb6 23. Be2 c4 24. Be3 Rf8 25. Qb4 N8d7 26. Nxc4 Nxc4 27. Qxc4 Qb8 28. Qb5 Qc7 29. Qc6 Qb8 30. Ra8 Qb4 31. Rxc8 Qxe4 32. Rxf8+ Nxf8 33. Qc3 Bh6 34. Bxh6 Qxe2 35. Qf3 Qxf3 36. Rxf3 1-0

[Event "POL-chT 2nd League"]
[Site "Wysowa"]
[Date "2003.09.10"]
[Round "7"]
[White "Sciborowski, Miroslaw"]
[Black "Palacz, Krzysztof"]
[Result "1/2-1/2"]
[WhiteElo "2153"]
[BlackElo "2151"]
[PlyCount "114"]
[EventDate "2003.09.06"]
[EventType "team-swiss"]
[EventRounds "11"]
[EventCountry "POL"]
[SourceTitle "CBM 096 Extra"]
[Source "ChessBase"]
[SourceDate "2003.10.22"]
[SourceVersion "2"]
[SourceVersionDate "2003.10.20"]
[SourceQuality "1"]
[WhiteTeam "Znin Baszta"]
[BlackTeam "Czestochowa Hetman"]
[WhiteTeamCountry "POL"]
[BlackTeamCountry "POL"]

1. d4 c5 2. Nf3 cxd4 3. Nxd4 Nc6 4. g3 g6 5. Bg2 Bg7 6. Nb3 Nf6 7. c4 0-0 8. 0-0 d6 9. Nc3 Na5 10. Qd3 Bf5 11. e4 Be6 12. Nd5 Nxb3 13. Qxb3 Qd7 14. Rd1 Rab8 15. Be3 b6 16. Bd4 Rfc8 17. Rac1 Nxd5 18. exd5 Bf5 19. Qe3 Bxd4 20. Rxd4 Kg7 21. h3 h5 22. g4 hxg4 23. hxg4 Bxg4 24. Re4 e5 25. dxe6 Bxe6 26. Qd4+ f6 27. Rc3 Rh8 28. Rf4 Bf5 29. Rg3 Rbe8 30. Bf3 Re1+ 31. Kg2 Rhh1 32. Bd5 Qe8 33. Rxf5 Rhg1+ 34. Kh2 Qh8+ 35. Rh3 Rh1+ 36. Bxh1 Rxh1+ 37. Kxh1 Qxh3+ 38. Kg1 Qxf5 39. Qxd6 Qg4+ 40. Kh2 Qxc4 41. b3 Qf7 42. Kg2 g5 43. Kg3 f5 44. Kg2 f4 45. f3 Qf5 46. Qc7+ Kg6 47. Qc6+ Qf6 48. Qe8+ Kh6 49. Qd7 a5 50. Qe8 Qb2+ 51. Kh3 Qf6 52. Kg2 Qg6 53. Qh8+ Qh7 54. Qe8 Qg7 55. Qe6+ Kh5 56. Qxb6 Qb2+ 57. Qf2 Qc3 1/2-1/2

[Event "POL-chT 58th 2nd League"]
[Site "Wisla"]
[Date "2002.??.??"]
[Round "?"]
[White "Jagodzinski, Waldemar"]
[Black "Palacz, Krzysztof"]
[Result "1-0"]
[WhiteElo "2233"]
[BlackElo "2094"]
[PlyCount "40"]
[EventDate "2002.08.30"]
[EventType "team-swiss"]
[EventRounds "11"]
[EventCountry "POL"]
[SourceTitle "EXT 2019"]
[Source "ChessBase"]
[SourceDate "2018.10.10"]
[SourceVersion "1"]
[SourceVersionDate "2018.10.10"]
[SourceQuality "1"]
[WhiteTeam "Znin Baszta"]
[BlackTeam "Swiebodzin Fianchetto"]
[WhiteTeamCountry "POL"]
[BlackTeamCountry "POL"]

1. d4 c5 2. d5 e5 3. c4 d6 4. Nc3 g6 5. e4 Bg7 6. Nf3 Ne7 7. Be2 0-0 8. 0-0 f5 9. Ne1 f4 10. Bg4 a6 11. a3 Nd7 12. Nd3 Nf6 13. Bxc8 Rxc8 14. Bd2 g5 15. f3 h5 16. Nf2 Qe8 17. Qe2 Qd7 18. Rab1 g4 19. b3 Kh8 20. Na4 gxf3 1-0

[Event "POL-chT 58th 2nd League"]
[Site "Wisla"]
[Date "2002.??.??"]
[Round "?"]
[White "Palacz, Krzysztof"]
[Black "Jewulski, Krzysztof"]
[Result "1/2-1/2"]
[WhiteElo "2094"]
[BlackElo "2127"]
[PlyCount "37"]
[EventDate "2002.08.30"]
[EventType "team-swiss"]
[EventRounds "11"]
[EventCountry "POL"]
[SourceTitle "EXT 2019"]
[Source "ChessBase"]
[SourceDate "2018.10.10"]
[SourceVersion "1"]
[SourceVersionDate "2018.10.10"]
[SourceQuality "1"]
[WhiteTeam "Swiebodzin Fianchetto"]
[WhiteTeamCountry "POL"]

1. e4 e6 2. d4 d5 3. Nd2 dxe4 4. Nxe4 Nd7 5. Nf3 Be7 6. Bf4 b6 7. Bb5 Ngf6 8. Nxf6+ Bxf6 9. Ne5 Bxe5 10. Bxe5 0-0 11. Qf3 Rb8 12. Bg3 Nf6 13. 0-0-0 Bb7 14. Bc6 Bxc6 15. Qxc6 Rc8 16. Bh4 Qd5 17. Qxd5 Nxd5 18. Rd2 f6 19. Bg3 1/2-1/2

[Event "POL-chT2 South"]
[Site "Ustron"]
[Date "2001.09.??"]
[Round "?"]
[White "Grobelny, Alojzy"]
[Black "Palacz, Krzysztof"]
[Result "1/2-1/2"]
[WhiteElo "2194"]
[BlackElo "2119"]
[PlyCount "80"]
[EventDate "2001.09.14"]
[EventType "team-swiss"]
[EventRounds "10"]
[EventCountry "POL"]
[SourceTitle "EXT 2019"]
[Source "ChessBase"]
[SourceDate "2018.10.10"]
[SourceVersion "1"]
[SourceVersionDate "2018.10.10"]
[SourceQuality "1"]

1. d4 c5 2. d5 e5 3. e4 d6 4. c4 g6 5. Nc3 Bg7 6. Be3 Ne7 7. Qd2 0-0 8. Bh6 f5 9. f3 Nd7 10. Bxg7 Kxg7 11. g3 Nf6 12. Bg2 a6 13. exf5 Nxf5 14. Nge2 Nd4 15. 0-0 b5 16. b3 b4 17. Ne4 Nxe4 18. fxe4 Bd7 19. Rxf8 Qxf8 20. Nxd4 exd4 21. Rf1 Qe7 22. Rf4 Rf8 23. Bf1 g5 24. Rxf8 Kxf8 25. Bd3 Qf6 26. e5 dxe5 27. Bxh7 Kg7 28. Be4 Bf5 29. Qd3 Bxe4 30. Qxe4 Kf7 31. Kg2 Ke7 32. Qh7+ Kd6 33. Qb7 Qf5 34. Qc6+ Ke7 35. Qxc5+ Kf7 36. Qc7+ Kg8 37. Qb8+ Kf7 38. Qb7+ Kg8 39. Qb8+ Kf7 40. Qb7+ Kg8 1/2-1/2

[Event "POL-chT2 South"]
[Site "Ustron"]
[Date "2001.09.??"]
[Round "?"]
[White "Zaboklicki, Zbigniew"]
[Black "Palacz, Krzysztof"]
[Result "0-1"]
[WhiteElo "2079"]
[BlackElo "2119"]
[PlyCount "91"]
[EventDate "2001.09.14"]
[EventType "team-swiss"]
[EventRounds "10"]
[EventCountry "POL"]
[SourceTitle "EXT 2019"]
[Source "ChessBase"]
[SourceDate "2018.10.10"]
[SourceVersion "1"]
[SourceVersionDate "2018.10.10"]
[SourceQuality "1"]

1. Nf3 c5 2. c4 Nc6 3. d4 cxd4 4. Nxd4 g6 5. e4 Bg7 6. Be3 Nf6 7. Nc3 Ng4 8. Nxc6 Nxe3 9. Nxd8 Nxd1 10. Nxd1 Kxd8 11. Bd3 d6 12. Rc1 Be6 13. b3 Rc8 14. Rc2 Rc7 15. Ne3 Kd7 16. Ke2 Bh6 17. Rf1 Bxe3 18. Kxe3 Rhc8 19. f4 f5 20. exf5 Bxf5 21. Bxf5+ gxf5 22. Re2 a6 23. Rfe1 b5 24. Kd4 Ke8 25. cxb5 axb5 26. Re6 Kf7 27. h3 Rg8 28. R1e2 Rxg2 29. Rxe7+ Rxe7 30. Rxg2 Re4+ 31. Kd5 Rxf4 32. Kxd6 Kf6 33. Rg8 Rf2 34. Rf8+ Kg5 35. Rg8+ Kf4 36. Rh8 Rxa2 37. Rxh7 Kg3 38. Kc5 f4 39. Kxb5 f3 40. Rf7 f2 41. b4 Ra3 42. Rxf2 Kxf2 43. Kb6 Ke3 44. b5 Rc3 45. h4 Kd4 46. Ka6 0-1